Κούφια καρύδια

Αποθηκεύτηκε σε:
Λεπτομέρειες βιβλιογραφικής εγγραφής
Μορφή: Βιβλίο
Γλώσσα:Greek
Δημοσίευση: Λίβερπουλ: The Liverpool Booksellers, 1915.
Θέματα:
Ετικέτες: Προσθήκη ετικέτας
Δεν υπάρχουν, Καταχωρήστε ετικέτα πρώτοι!

MARC

LEADER 00000cam a2200000 a 4500
001 1/124993
008 220606s1915####gr | ||| |||| ||gre||
040 |a GR-MyUa  |b gre  |c GR-MyUa  |e AACR2 
082 7 |a 889.32   |2 (23)  
245 1 0 |a Κούφια καρύδια /  |c Λέκα Αρβανίτη Μαλλιάρου.  
260 |a Λίβερπουλ:   |b The Liverpool Booksellers,   |c 1915.  
300 |a 559 σ. ;   |c 21 εκ.  
650 0 |a Greek fiction, Modern. 
650 0 |a Greek fiction, Modern  |y 19th century. 
970 |a Σιδερή   |b Νεκταρία   |z 2022/06/06